<?xml version="1.0" encoding="UTF-8"?>
<collection xmlns="http://www.loc.gov/MARC21/slim">
 <record>
  <leader>01671nam a22004577a 4500</leader>
  <controlfield tag="001">000262837</controlfield>
  <controlfield tag="003">CZ-PrVSE</controlfield>
  <controlfield tag="005">20150407120159.0</controlfield>
  <controlfield tag="007">ta</controlfield>
  <controlfield tag="008">140911s2014    xr a   fr     000 0 cze d</controlfield>
  <datafield tag="015" ind1=" " ind2=" ">
   <subfield code="a">cnb002614775</subfield>
  </datafield>
  <datafield tag="020" ind1=" " ind2=" ">
   <subfield code="a">978-80-7380-508-1</subfield>
   <subfield code="q">(brož.)</subfield>
  </datafield>
  <datafield tag="035" ind1=" " ind2=" ">
   <subfield code="a">(OCoLC)900135112</subfield>
  </datafield>
  <datafield tag="040" ind1=" " ind2=" ">
   <subfield code="a">ABA006</subfield>
   <subfield code="b">cze</subfield>
   <subfield code="c">ABA006</subfield>
   <subfield code="d">ABA006</subfield>
  </datafield>
  <datafield tag="041" ind1="0" ind2=" ">
   <subfield code="a">cze</subfield>
   <subfield code="b">eng</subfield>
  </datafield>
  <datafield tag="072" ind1=" " ind2="7">
   <subfield code="a">657</subfield>
   <subfield code="x">Účetnictví</subfield>
   <subfield code="2">Konspekt</subfield>
   <subfield code="9">4</subfield>
  </datafield>
  <datafield tag="072" ind1=" " ind2="9">
   <subfield code="a">657</subfield>
   <subfield code="x">Accounting</subfield>
   <subfield code="2">Conspectus</subfield>
   <subfield code="9">4</subfield>
  </datafield>
  <datafield tag="080" ind1=" " ind2=" ">
   <subfield code="a">347.72.04</subfield>
   <subfield code="2">MRF_2003</subfield>
  </datafield>
  <datafield tag="080" ind1=" " ind2=" ">
   <subfield code="a">657</subfield>
   <subfield code="2">MRF_2003</subfield>
  </datafield>
  <datafield tag="080" ind1=" " ind2=" ">
   <subfield code="a">(437.3)</subfield>
   <subfield code="2">MRF_2003</subfield>
  </datafield>
  <datafield tag="080" ind1=" " ind2=" ">
   <subfield code="a">(075.8)</subfield>
   <subfield code="2">MRF_2003</subfield>
  </datafield>
  <datafield tag="099" ind1=" " ind2="9">
   <subfield code="a">657SED</subfield>
  </datafield>
  <datafield tag="100" ind1="1" ind2=" ">
   <subfield code="a">Sedláček, Jaroslav,</subfield>
   <subfield code="d">1942-</subfield>
   <subfield code="7">ola2002103781</subfield>
   <subfield code="4">aut</subfield>
  </datafield>
  <datafield tag="245" ind1="1" ind2="0">
   <subfield code="a">Účetnictví přeměn obchodních korporací /</subfield>
   <subfield code="c">Jaroslav Sedláček</subfield>
  </datafield>
  <datafield tag="260" ind1=" " ind2=" ">
   <subfield code="a">Plzeň :</subfield>
   <subfield code="b">Vydavatelství a nakladatelství Aleš Čeněk,</subfield>
   <subfield code="c">2014</subfield>
  </datafield>
  <datafield tag="300" ind1=" " ind2=" ">
   <subfield code="a">219 s. :</subfield>
   <subfield code="b">il.</subfield>
  </datafield>
  <datafield tag="504" ind1=" " ind2=" ">
   <subfield code="a">Obsahuje bibliografii</subfield>
  </datafield>
  <datafield tag="546" ind1=" " ind2=" ">
   <subfield code="a">Anglické resumé</subfield>
  </datafield>
  <datafield tag="650" ind1="0" ind2="7">
   <subfield code="a">přeměny obchodních společností</subfield>
   <subfield code="7">ph467684</subfield>
   <subfield code="2">czenas</subfield>
  </datafield>
  <datafield tag="650" ind1="0" ind2="7">
   <subfield code="a">účetnictví</subfield>
   <subfield code="7">ph116911</subfield>
   <subfield code="2">czenas</subfield>
  </datafield>
  <datafield tag="651" ind1=" " ind2="7">
   <subfield code="a">Česko</subfield>
   <subfield code="7">ge128065</subfield>
   <subfield code="2">czenas</subfield>
  </datafield>
  <datafield tag="655" ind1=" " ind2="7">
   <subfield code="a">učebnice vysokých škol</subfield>
   <subfield code="7">fd133772</subfield>
   <subfield code="2">czenas</subfield>
  </datafield>
  <datafield tag="650" ind1="0" ind2="9">
   <subfield code="a">conversion of corporations</subfield>
   <subfield code="2">eczenas</subfield>
  </datafield>
  <datafield tag="650" ind1="0" ind2="9">
   <subfield code="a">accounting</subfield>
   <subfield code="2">eczenas</subfield>
  </datafield>
  <datafield tag="651" ind1=" " ind2="9">
   <subfield code="a">Czechia</subfield>
   <subfield code="2">eczenas</subfield>
  </datafield>
  <datafield tag="655" ind1=" " ind2="9">
   <subfield code="a">textbooks (higher)</subfield>
   <subfield code="2">eczenas</subfield>
  </datafield>
  <datafield tag="993" ind1=" " ind2=" ">
   <subfield code="a">006340837</subfield>
  </datafield>
  <datafield tag="996" ind1=" " ind2=" ">
   <subfield code="1">PKFU</subfield>
   <subfield code="3">F218971a</subfield>
   <subfield code="4">N:P</subfield>
   <subfield code="5">3142278462</subfield>
   <subfield code="8">20141124</subfield>
   <subfield code="9">657SED</subfield>
   <subfield code="f">83</subfield>
   <subfield code="g">41038</subfield>
   <subfield code="l">UEP01</subfield>
   <subfield code="m">BOOK</subfield>
   <subfield code="p">MI</subfield>
   <subfield code="q">KFUA</subfield>
   <subfield code="t">na dislokovaném</subfield>
   <subfield code="u">UEP01</subfield>
   <subfield code="v">Ztráta</subfield>
   <subfield code="w">20141125</subfield>
  </datafield>
  <datafield tag="996" ind1=" " ind2=" ">
   <subfield code="1">PSTUD</subfield>
   <subfield code="3">F218971</subfield>
   <subfield code="4">N:P</subfield>
   <subfield code="5">3142277399</subfield>
   <subfield code="8">20140911</subfield>
   <subfield code="9">657SED</subfield>
   <subfield code="f">81</subfield>
   <subfield code="g">40143</subfield>
   <subfield code="l">UEP01</subfield>
   <subfield code="m">BOOK</subfield>
   <subfield code="q">Studovna Žižkov</subfield>
   <subfield code="t">na 1 měsíc</subfield>
   <subfield code="u">UEP01</subfield>
   <subfield code="w">20141001</subfield>
  </datafield>
 </record>
</collection>
